000 00653nam a2200193Ii 4500
003 JO-AjNU
008 230605s9999||||xx |||||||||||||| ||und||
040 _aJO-AjNU
_bara
_erda
_cJO-AjNU
041 _aara
050 1 4 _aPR4762.P7.A7 1971
100 3 _aتأليف أنتوني، هوب ؛ ترجمة سعيد جودة السحار,
_eauthor
_935890
245 0 0 _aسجين زندا
264 3 1 _aالقاهرة: دار مصر للطباعة، 1971
300 _a224ص
336 _atext
_btxt
_2rdacontent
337 _aunmediated
_bn
_2rdamedia
338 _avolume
_bnc
_2rdacarrier
650 4 _aالأدب العربي - ترجمة - قصص
_935891
999 _aA14860
_c18428
_d18428